Publikácia o postkrízovom vývoji našej spoločnosti
Recenzia na publikáciu autorského kolektívu pod vedením prof. Kolomana Ivaničku. Publikácia reflektuje najrozšírenejšiu tému súčasnosti - svetovú ekonomickú a finančnú krízu a hľadá alternatívu postkrízového modelu sociálno-ekonomického rozvoja Slovenska.
Na minha lista:
| Autor principal: | |
|---|---|
| Formato: | Capítulo de Livro |
| Idioma: | eslovaco |
| Assuntos: | |
| Tags: |
Sem tags, seja o primeiro a adicionar uma tag!
|
MARC
| LEADER | 00000naa a2200000 4500 | ||
|---|---|---|---|
| 001 | 0128053 | ||
| 005 | 20240502072448.1 | ||
| 041 | 0 | |a slo | |
| 044 | |a SK | ||
| 245 | 1 | 0 | |a Publikácia o postkrízovom vývoji našej spoločnosti |c Juraj Silvan |
| 520 | |a Recenzia na publikáciu autorského kolektívu pod vedením prof. Kolomana Ivaničku. Publikácia reflektuje najrozšírenejšiu tému súčasnosti - svetovú ekonomickú a finančnú krízu a hľadá alternatívu postkrízového modelu sociálno-ekonomického rozvoja Slovenska. | ||
| 610 | 2 | 0 | |a rozvoj sociálno-ekonomický |
| 610 | 2 | 0 | |a kríza finančná |
| 610 | 2 | 0 | |a kríza hospodárska |
| 610 | 2 | 0 | |a Slovensko |
| 610 | 2 | 0 | |a recenzie |
| 100 | 1 | |a Silvan, Juraj | |